Praktická škola marketingu 1 Úloha marketingu v podnikaní
Gespeichert in:
| 1. Verfasser: | |
|---|---|
| Format: | Buch |
| Sprache: | Slowakisch |
| Veröffentlicht: |
Bratislava
Genezis
B.r.
|
| Ausgabe: | 1. vyd. |
| Tags: |
Keine Tags, Fügen Sie das erste Tag hinzu!
|
MARC
| LEADER | 00000nam a2200000 4500 | ||
|---|---|---|---|
| 001 | c028126 | ||
| 005 | 20250609123014.4 | ||
| 041 | 0 | |a slo | |
| 044 | |a SK | ||
| 245 | 1 | 0 | |a Praktická škola marketingu 1 |b Úloha marketingu v podnikaní |c Ivan Bureš |
| 250 | |a 1. vyd. | ||
| 264 | 1 | |a Bratislava |b Genezis |c B.r. | |
| 300 | |a 16 s. | ||
| 100 | 1 | |a Bureš, Ivan | |